000 002350000a22000970004500
100 1 _aMiller, Randy
245 1 0 _aBuilding homes and hope in brazilian slum
300 _aNúm 44 (1994), Páginas 11-13
773 0 _tTogether
942 _cANA
999 _c56178
_d56178